Normal view
MARC view
Entry Personal Name
001 - CONTROL NUMBER
- control field: 29841
003 - CONTROL NUMBER IDENTIFIER
- control field: ARRUPE
005 - DATE AND TIME OF LATEST TRANSACTION
- control field: 20170412085729.0
008 - FIXED-LENGTH DATA ELEMENTS
- fixed length control field: 170412|| aca||aabn | a|a d
040 ## - CATALOGING SOURCE
- Original cataloging agency: ARRUPE
- Transcribing agency: ARRUPE
100 ## - HEADING--PERSONAL NAME
- Personal name: Stransky, Thomas F.,
- Relator term: joint author.
670 ## - SOURCE DATA FOUND
- Source citation: Work cat.: (ARRUPE)0: Anderson, Gerald H., comp. 29838, Crucial issues in mission today,, [1974]